Working with Economics: a Canadian Framework, (Record no. 5688)

MARC details
005 - DATE AND TIME OF LATEST TRANSACTION
control field 20250627143506.0
020 ## - INTERNATIONAL STANDARD BOOK NUMBER
International Standard Book Number 0-02-953527-1
082 ## - DEWEY DECIMAL CLASSIFICATION NUMBER
Classification number 330 HIR
100 ## - MAIN ENTRY--PERSONAL NAME
Author name HIRD, H.R.
245 ## - TITLE STATEMENT
Title Working with Economics: a Canadian Framework,
250 ## - EDITION STATEMENT
Edition statement 2nd Ed.
260 ## - PUBLICATION, DISTRIBUTION, ETC.
Place of publication, distribution, etc. Canada,
Name of publisher, distributor, etc. Collier Macmillan Canada, Inc.
Date of publication, distribution, etc. 1988.
300 ## - PHYSICAL DESCRIPTION
Extent xv,;466p: ill,; figure,
Other physical details Glossary & Index,
Dimensions 24cm.
942 ## - ADDED ENTRY ELEMENTS (KOHA)
Source of classification or shelving scheme Dewey Decimal Classification
Koha item type Books
Holdings
Date last seen Total checkouts Full call number Barcode Cost, replacement price Price effective from Koha item type Lost status Source of classification or shelving scheme Damaged status Not for loan Withdrawn status Home library Current library Shelving location Date acquired Cost, normal purchase price
06/27/2025   330 HIR DOM0002659 45000.00 06/27/2025 Books   Dewey Decimal Classification       CBE Dodoma CBE Dodoma General Collection 04/06/2002 15000.00